Profits / (Record no. 136392)
[ view plain ]
| 000 -LEADER | |
|---|---|
| fixed length control field | 01094cjm a22003013a 4500 |
| 001 - CONTROL NUMBER | |
| control field | 17986377 |
| 003 - CONTROL NUMBER IDENTIFIER | |
| control field | BD-DhUL |
| 005 - DATE AND TIME OF LATEST TRANSACTION | |
| control field | 20171227104022.0 |
| 007 - PHYSICAL DESCRIPTION FIXED FIELD--GENERAL INFORMATION | |
| fixed length control field | sd fsngnnmmned |
| 008 - FIXED-LENGTH DATA ELEMENTS--GENERAL INFORMATION | |
| fixed length control field | 140102s2009 cauppn| | eng |
| 010 ## - LIBRARY OF CONGRESS CONTROL NUMBER | |
| LC control number | 2013627972 |
| 024 1# - OTHER STANDARD IDENTIFIER | |
| Standard number or code | 845121008418 |
| 028 02 - PUBLISHER NUMBER | |
| Publisher number | AMCD001 |
| Source | Andrew Means Pub. |
| 040 ## - CATALOGING SOURCE | |
| Original cataloging agency | DLC |
| Transcribing agency | BD-DhUL |
| Modifying agency | BD-DhUL |
| 050 00 - LIBRARY OF CONGRESS CALL NUMBER | |
| Classification number | SDC 31733 |
| 082 ## - DEWEY DECIMAL CLASSIFICATION NUMBER | |
| Classification number | 657.3 |
| Item number | BEP |
| 100 ## - MAIN ENTRY--PERSONAL NAME | |
| Relator code | James P. Beddy, M.comm. |
| 245 00 - TITLE STATEMENT | |
| Title | Profits / |
| Remainder of title | theoretical and practical aspects |
| 260 ## - PUBLICATION, DISTRIBUTION, ETC. (IMPRINT) | |
| Place of publication, distribution, etc. | DUBLIN |
| Name of publisher, distributor, etc. | hodges,figgis and co. |
| Date of publication, distribution, etc. | 1940. |
| 300 ## - PHYSICAL DESCRIPTION | |
| Other physical details | digital ; |
| Dimensions | 4 3/4 in. |
| 500 ## - GENERAL NOTE | |
| General note | Compact disc. |
| 500 ## - GENERAL NOTE | |
| General note | Brief record. |
| 505 0# - FORMATTED CONTENTS NOTE | |
| Formatted contents note | Louie Heels -- The media made me do it -- Helsingborg -- Little flesh coil -- Heart of trouble -- Blue shoes -- The takeoff -- Jellybean skyscrape -- Silver centipede -- Waterfall -- Power, profits, prestige, pleasure -- Bink -- I want to be -- Afterburner -- Cellsoftware -- The marquis. |
| 511 0# - PARTICIPANT OR PERFORMER NOTE | |
| Participant or performer note | AC Means. |
| 906 ## - LOCAL DATA ELEMENT F, LDF (RLIN) | |
| a | 7 |
| b | cbc |
| c | orignew |
| d | 2 |
| e | ncip |
| f | 20 |
| g | y-soundrec |
| 942 ## - ADDED ENTRY ELEMENTS (KOHA) | |
| Source of classification or shelving scheme | |
| Koha item type | Books |
| Price effective from | Date last seen | Permanent Location | Not for loan | Date acquired | Source of classification or shelving scheme | Koha item type | Collection code | Barcode | Shelving location | Lost status | Damaged status | Withdrawn status | Current Location | Full call number |
|---|---|---|---|---|---|---|---|---|---|---|---|---|---|---|
| 2016-12-15 | 2016-12-15 | Dhaka University Library | 2016-12-15 | Books | Non Fiction | 42540 | General Stacks | Dhaka University Library | 657.3 BEP |
